书目信息 |
| 题名: |
刑法学
|
|
| 作者: | 高铭暄 主编 | |
| 分册: | ||
| 出版信息: | 北京 北京大学出版社 1989.10 |
|
| 页数: | 768页 | |
| 开本: | 21cm | |
| 丛书名: | ||
| 单 册: | ||
| 中图分类: | D924.01 | |
| 科图分类: | ||
| 主题词: | 法律--中国 | |
| 电子资源: | ||
| ISBN: | 7-301-00968-2 | |
| 000 | 00547nam0 2200193 450 | |
| 001 | 1553978323 | |
| 005 | 20150104150120.27 | |
| 010 | @a7-301-00968-2@dCNY9.50 | |
| 100 | @a20150104d1989 km y0chiy0120 ea | |
| 101 | 0 | @achi |
| 102 | @aCN@b110000 | |
| 200 | 1 | @a刑法学@f高铭暄主编@Fgao ming xuan zhu bian |
| 210 | @a北京@c北京大学出版社@d1989.10 | |
| 215 | @a768页@d21cm | |
| 606 | 0 | @a法律@x中国 |
| 690 | @aD924.01@v4 | |
| 701 | 0 | @a高铭暄@Agao ming xuan@4主编 |
| 801 | 0 | @aCN@b大连网信软件有限公司图书馆·11@c20150104 |
| 905 | @aZUCC@dD924.01@eG1571 | |
| 刑法学/高铭暄主编.-北京:北京大学出版社,1989.10 |
| 768页;21cm |
| ISBN 7-301-00968-2:CNY9.50 |
| ● |
| 相关链接 |
|
|
|
正题名:刑法学
索取号:D924.01/G1571
 
预约/预借
| 序号 | 登录号 | 条形码 | 馆藏地/架位号 | 状态 | 备注 |
| 1 | 495660 | 204956609 | 社科库509/509社科库 96排2列4层/ [索取号:D924.01/G1571] | 在馆 |